000 00575nam a2200217Ia 4500
005 20250508154417.0
008 008 250505s9999 xx 000 0 eng d
037 _aTextBook
040 _aFEDL
_beng
_cFEDL
041 _aeng
_2eng
084 _a155.45, BUR
_qFEDL
100 _aBurt Cyril
245 0 _aBackward child
250 _a4
260 _aLondon, UK
_bUniversity of London Press
_c1965
300 _axx,706p
365 _aINR
_b28
650 _aChild Psychology; Personality
_9759626
942 _cTB
_h155.45, BUR
999 _c1350019
_d1350019